000 01170nam a2200265Ia 4500
005 20220317001132.0
008 160825s2008 mx a g 000 0 spa
020 _a97896818638012
082 0 4 _a621.31925
_bE57m
100 1 _aEnríquez Harper, Gilberto
245 1 0 _aManual de instalación y reparación de aparatos electrodomésticos
_binstalaciones eléctricas e hidráulicas
_cGilberto Enríquez Harper
250 _a1a. edición
300 _a341 páginas
_bilustraciones
_c27 cm
500 _aIncluye bibliografía
505 _aHerramientas -- Reparación de instalaciones hidráulicas en casas-habitación -- Elementos de instalaciones eléctricas -- Reparaciones eléctricas -- Principios básicos para la reparación de electrodomésticos
650 1 4 _2LEMB
_aInstalaciones eléctricas
_vManuales
650 1 4 _2LEMB
_aElectrodomésticos
_xMantenimiento y reparación
650 1 4 _2LEMB
_aElectricidad
_xAparatos e instrumentos
942 _2ddc
_cBK
264 _aMéxico
_bLimusa
_c2008
336 _atexto
_btxt
_2rdacontent
337 _asin mediación
_bn
_2rdamedia
338 _avolumen
_bnc
_2rdacarrier
040 _aCO-BoRNBP
_bspa
_erda
_cCO-BoRNBP
999 _c6035
_d6035